000 00927nam0a22002411 4500
001 rc\2317435
005 20260407141027.0
035 _a(NLR Aleph) 006470207
090 _a5927200
_c5927200
100 _a20110829d1977 |||y0rusy50 ca
101 0 _arus
_aeng
102 _aRU
105 _aa b |||||
200 1 _aИнструменты и аппараты, выпускаемые Гудермесским заводом медицинских инструментов
_e[Каталог]
_fВ/о "Медэкспорт"
210 _aМосква
_cВнешторгиздат
_d[1977]
215 _a73 с.
_cил.
_d18х22
300 _aТекст парал. на рус. и англ. яз.
712 0 2 _a"Медэкспорт", всесоюзное объединение
_3RU\NLR\AUTH\8810008531
_9514809
801 0 _aRU
_bNLR
_gpsbo
801 1 _aRU
_bELAR
_2rusmarc
852 _aNLR
_jПт 40.7/273
942 _cBOOK
980 _aNB